| 000 | 00646nam a2200181 a 4500 | ||
|---|---|---|---|
| 001 | 000040289 | ||
| 005 | 20201002034033.0 | ||
| 008 | 130802s2006 mx 000 0 spa d | ||
| 020 | _a9703230768 | ||
| 040 |
_aDO-SdBNP _bspa _cBNPHU |
||
| 100 | 1 |
_aGómez de la Serna, Ramón _d1888-1963 _914278 |
|
| 245 | 1 | 0 |
_aDos falsas novelas / _cRamón Gómez de la Serna ; introducción Miguel Ángel Echegaray. |
| 260 |
_aMéxico : _bUniversidad Nacional Autónoma de México, _c2006. |
||
| 300 |
_a59 p. ; _c18 cm. |
||
| 490 | 1 |
_aRelato Licenciado Vidriera _v39 |
|
| 700 | 1 |
_aEchegaray, Miguel Angel _966569 |
|
| 830 | 0 |
_aRelato Licenciado Vidriera _v39 _966234 |
|
| 999 |
_c39779 _d39779 |
||